Az életre kelt környezet

Bibliographic Details
Main Author: Csanda, Gábor, 1963- (Author)
Format: Article
Language:Hungarian
PhysicalDescription:Fotogr.
ISSN:1335-7050
Subjects:

MARC

LEADER 00000nab a2200000 ar4500
001 vtls010089417
003 SK-MaSNL
005 20260319070714.0
008 100428c20100409xo ||||||o| 000 b|hun
015 |a SNBRB2010/04  |2 snkbucl 
038 |a SNKBUCL 
040 |a DSZK  |b slo  |c DSZK  |e AACR2 
041 0 |a hun 
044 |a xo  |c SK 
080 |a 82.09:821.511.141 (437.6)-1  |x (048)  |2 2001 
080 |a 821.511.141 (437.6)-1  |x (048)  |2 2001 
100 1 |a Csanda, Gábor,  |d 1963-  |4 aut  |9 98659 
245 1 3 |a Az életre kelt környezet  |c Csanda Gábor 
300 |b Fotogr. 
650 0 7 |a maďarské básne  |x recenzie  |2 snkbucl  |9 1034477 
655 7 |a recenzie  |2 SNKPH  |9 21907 
773 0 |t Új szó  |g Évf. 63, sz. 81 (9.4.2010), o. 9  |x 1335-7050 
787 0 8 |i Rec.:  |a Gágyor, Péter, 1946-  |t Koptok  |d Nap Kiadó, 2009 
852 |a SNK  |b KIS3GCP 
852 |a DSZK  |b KIS3GCP 
958 |a HU 
958 |a SK 
958 |a LX 
958 |a RC 
999 |c 1783639  |d 1785569